Analýza vybraných druhov nástrojov na podporu bývania v SR diplomová práca

Saved in:
Bibliographic Details
Main Author: Tarabčáková, Viera
Corporate Author: Národohospodárska fakulta EU. Katedra financií
Other Authors: Rabatinová, Marcela, 1977-
Format: Book
Language:Slovak
Published: Bratislava 2010
Tags: Add Tag
No Tags, Be the first to tag this record!

MARC

LEADER 00000nam$a2200000$$$4500
001 0119076
005 20240318121810.1
041 0 |a slo 
044 |a SK 
245 1 0 |a Analýza vybraných druhov nástrojov na podporu bývania v SR  |b diplomová práca  |c Viera Tarabčáková ; škol. Marcela Rabatinová 
264 1 |a Bratislava  |c 2010 
300 |a 62 s. 
100 1 |a Tarabčáková, Viera 
700 1 |a Rabatinová, Marcela, 1977- 
710 2 |a Národohospodárska fakulta EU. Katedra financií